| 000 | 01408nam a22002417a 4500 | ||
|---|---|---|---|
| 999 |
_c5995 _d5995 |
||
| 003 | DO-SdBJH | ||
| 005 | 20210309142740.0 | ||
| 008 | 210309b ||||| |||| 00| 0 spa d | ||
| 040 |
_aDO-SdBJH _bspa _cDO-SdBJH |
||
| 090 |
_aTG EGAEE _b01405 2018 |
||
| 100 | 1 |
_aGarcía Lied, Scarlet María _esustentante |
|
| 245 | 1 | 0 |
_aimpacto de la Ley general de protección a los derechos al consumidor en la seguridad social del Distrito Nacional, en el período 2012-216 / _cScarlet María Garcia Lied, Dioris Agustín Fernández Fernández, asesores Francisco Acosta, Julio César Rodríguez |
| 260 |
_aSanto Domingo : _bINSUDE, _c2018 |
||
| 300 | _aiv, 117 páginas, gráficas | ||
| 502 | _aTesis (Maestría en Defensa y Seguridad Nacional). -- Instituto Superior para la Defensa (INSUDE). Escuela de Graduados en Altos Estudios Estratégico, 2018 | ||
| 504 | _aIncluye referencias bibliográficas e índices | ||
| 505 | _aAntecedentes históricos de la ley de protección de los Derechos del consumidor en República Dominicana. -- La seguridad social dominicana. -- Proconsumidor y su incidencia en la seguridad social | ||
| 700 | 1 |
_aFernández Fernández, Dioris agustín _esustentante |
|
| 700 | 1 |
_aAcosta, Francisco _easesor |
|
| 700 | 1 |
_aRodríguez, Julio César _easesor |
|
| 830 | _aINSUDE. Escuela de Graduados en Altos Estudios Estratégico. Tesis y disertaciones académicas | ||
| 942 |
_2CL _cT |
||